| 000 | 00622nam a22001817a 4500 | ||
|---|---|---|---|
| 999 |
_c191100 _d191100 |
||
| 005 | 20220818142945.0 | ||
| 010 | _aENG-134502 | ||
| 020 |
_a9788192842578 _c350.00 |
||
| 035 | _aEN-118034 | ||
| 037 | _bDBAD/PUB | ||
| 082 | _a883.08 | ||
| 100 | _aParmar, Surendra Kumar R | ||
| 245 |
_aThe Novels Of Raja Rao, Mulk Raj anand And R.K. Narayan: A Study in Gandhian Ideology/ _cSurendra Kumar R Parmar |
||
| 260 |
_aSonipat _bVagdevi Prakashan _c2014 |
||
| 270 |
_a1087, Gali No. 5, Mayur Vihar Gohana Road _bSonipat _e131001 |
||
| 300 |
_a184p. _bBibliography _c22cm(hb) |
||
| 942 |
_2ddc _cEN _h883.08 _mPAR |
||